000
00244nam a2200109Ia 4500
100
_a
Philips Modev.
942
_c
BK
245
_a
Project management with CPM & PERT.
260
_b
Van nostand rainhold co.
082
_a
658.4032
300
_a
283
999
_c
32276
_d
32276